Laddar...

Dairy aid and development: India's operation flood

Bibliografiska uppgifter
Huvudupphovsman: Doornbos, Martin
Övriga upphovsmän: Dorstan, Frank Van, Manoshi Mitra
Materialtyp: Printed Book
Språk:Undetermined
Publicerad: New Delhi Sage Publications 1990
LEADER 00634nam a2200169Ia 4500
008 161229s9999 xx 000 0 und d
020 |a 8170361893 
082 |a 338.176 371 DOO/DA 
100 |a Doornbos, Martin 
245 |a Dairy aid and development: India's operation flood 
260 |b Sage Publications  |a New Delhi  |c 1990 
300 |a 336 
700 |a Dorstan, Frank Van 
700 |a Manoshi Mitra 
942 |c BK 
999 |c 153305  |d 153305 
952 |0 0  |1 0  |4 0  |6 338_176000000000000_371_DOODA  |7 0  |9 152372  |a KAUCLV  |b KAUCLV  |d 2016-12-29  |g 350.00  |o 338.176 371 DOO/DA  |p 904614  |r 2016-12-29  |w 2016-12-29  |y BK  |z Book transferred from CCBM Library ,Acc.No:6271